|
|
|
|
| LEADER |
01004naa a2200229 i 4500 |
| 001 |
acta76959 |
| 005 |
20221109140454.0 |
| 008 |
221104s2021 hu o 1|| hun d |
| 020 |
|
|
|a 978-615-5946-43-1
|
| 040 |
|
|
|a SZTE Egyetemi Kiadványok Repozitórium
|b hun
|
| 041 |
|
|
|a hun
|
| 245 |
0 |
0 |
|a "Együtt az úton... innen és határon túl"
|h [elektronikus dokumentum] :
|b online konferencia : tanulmánykötet
|
| 260 |
|
|
|a Szegedi Tudományegyetem Juhász Gyula Pedagógusképző Kar Gyógypedagógus-képző Intézet
|b Szeged
|c 2021
|
| 300 |
|
|
|a 74
|
| 490 |
0 |
|
|a "Együtt az úton... innen és határon túl"
|
| 650 |
|
4 |
|a Társadalomtudományok
|
| 650 |
|
4 |
|a Oktatástudomány
|
| 695 |
|
|
|a Gyógypedagógia - tanulmányok, Integrált oktatás - tanulmányok
|
| 700 |
0 |
1 |
|a Hosszu Timea
|
| 700 |
0 |
2 |
|a Tóthné Aszalai Anett
|
| 711 |
|
|
|a "Együtt az úton... innen és határon túl"
|c Online
|d 2021. június 7.
|
| 856 |
4 |
0 |
|u http://acta.bibl.u-szeged.hu/76959/1/egyutt_az_uton_tanulmany_2021.pdf
|z Dokumentum-elérés
|